01247agaaa2200277 45000010005000000030009000050050017000140070009000310080040000400400023000800410013001031000048001161300050001642450196002142500022004102600088004323000033005205080058005535200078006115380016006895460013007056500075007187000060007937000062008537000054009159649IT-RoPAU20220918181247.0d cvaizq50131s9999||||xx ||| | || ||und|| aIT-RoPAUcIT-RoPAU aITALIANO aGargani RomanogCodice regista SPICS: 39851 aADORATRICI DEL SANGUE DI CRISTO IN INDIA (LE) aADORATRICI DEL SANGUE DI CRISTO IN INDIA (LE)cSceneggiatura: Pizzardi Remo -- Diretto da: Gargani RomanopADORATRICI DEL SANGUE DI CRISTO IN INDIA (LE) (Rif. Codice opera principale : B9649) aEdizione Standard aMILANO (ITALIA)bFUMETTI D'ARTE / g"1993 (1° ed.: 1993 ; Ed. Lingua Orig.: 1993)" aVHSbsonoro, col.c30 minuti a"Musica: Rosa Davide; Sceneggiatura: Pizzardi Remo; " aDOCUMENTARIO VOCAZIONALE. SUORE ADORATRICI DEL SANGUE DI CRISTO IN INDIA. aPAL, STEREO aITALIANO aDOCUMENTARIOeTV-PROGRAMMI RELIGIOSI [VHS]xCodice MATERIA SPICS: 9963 aGargani Romano e(regista)gCodice regista SPICS: 39851 aGargani Romano e(soggetto)gCodice Soggetto SPICS: 39851 aRosa Davidee(musica)gCodice Musica SPICS: 39850